000 02519nam0a2200433 4500
001 RU\NLR\bibl\969092
005 20260405105947.0
010 _a5-9747-0014-7
_9350
021 _aRU
_b2006-30381
_91512
035 _a(nilc)RSL-KNO-002891196
035 _a(NLR Aleph) 000957059
090 _a315888
_c315888
100 _a20060524d2005 |||y0rusy50 ca
101 0 _arus
_deng
_erus
_eeng
102 _aRU
105 _aa |||||||||
106 _ar
200 1 _aПетрология и геохимия метасоматоза при формировании континентальной коры
_dPetrology and geochemistry of metasomatism on continental crust formation
_fB.И. Левицкий
_gнауч. ред. В.А. Макрыгина
_g[Рос. акад. наук, Сиб. отд-ние, Ин-т геохимии им. А.П. Виноградова]
_zeng
210 _aНовосибирск
_cГео
_d2005
215 _a337, [5] с.
_cил.
_d29
300 _aАвт. также на англ. яз.: V.I. Levitsky
320 _aБиблиогр. в конце кн.
510 0 _6z11790
_aPetrology and geochemistry of metasomatism on continental crust formation
_zeng
606 1 _aМетасоматические горные породы
_xПетрография
_92226941
_3RU\NLR\auth\661336837
606 1 _aМетасоматические процессы
_xГеохимия
_92436281
_3RU\NLR\auth\661449709
610 0 _aНауки о Земле -- Геологические науки -- Петрография -- Петрография метаморфических горных пород -- Метаморфизм -- Мипы метаморфизма -- Метасоматические процессы -- Пособие для специалистов
610 0 _aНауки о Земле -- Геофизические науки -- Физика Земли -- Внутреннее строение Земли -- Земная кора -- Пособие для специалистов
686 _aД347,125,07
_2rubbk
686 _aД211.1,07
_2rubbk
686 _aД347.5
686 _aД312.3
700 1 _4070
_8rus
_7ca
_aЛевицкий
_bВ.И.
_gВалерий Иванович
_3RU\NLR\auth\7741200
_924150
790 1 _4070
_8rus
_7ba
_aLevickij
_bV.I.
_gValerij Ivanovič
_3RU\NLR\auth\7741201
_924151
801 0 _aRU
_bРКП
_c20060524
_grcr
801 1 _aRU
_bРГБ
_c20060524
801 2 _aRU
_bNLR
_c20060720
_grcr
942 _cBOOK
980 _aNB